Diccionario ilustrado latino-español, español-latino (Record no. 1739)

MARC details
000 -CABECERA
campo de control de longitud fija 00883nam a2200229 a 4500
001 - NÚMERO DE CONTROL
campo de control BRCA_1970
005 - FECHA Y HORA DE LA ÚLTIMA TRANSACCIÓN
campo de control 20190320203624.0
008 - DATOS DE LONGITUD FIJA--INFORMACIÓN GENERAL
campo de control de longitud fija 220905s1988----sp-a---###---#000-0#spa-d
020 ## - NÚMERO INTERNACIONAL ESTÁNDAR DEL LIBRO
Número Internacional Estándar del Libro 8471531976
050 #4 - SIGNATURA TOPOGRÁFICA DE LA BIBLIOTECA DEL CONGRESO
Número de clasificación PA2365.E8
Número de documento/Ítem .D53 1988
245 10 - MENCIÓN DE TÍTULO
Título Diccionario ilustrado latino-español, español-latino
Mención de responsabilidad, etc. prólogo de Vicente García de Diego.
250 ## - MENCIÓN DE EDICIÓN
Mención de edición 19
260 ## - PUBLICACIÓN, DISTRIBUCIÓN, ETC.
Lugar de publicación, distribución, etc. Barcelona
Nombre del editor, distribuidor, etc. Biblograf : VOX
Fecha de publicación, distribución, etc. 1988
300 ## - DESCRIPCIÓN FÍSICA
Extensión xvii, 715 p.
Otras características físicas il.
Dimensiones 20 cm.
Material acompañante/anejo Apéndice : Resumen de gramática latina : 64 p.
500 ## - NOTA GENERAL
Nota general Con latín eclesiástico seleccionado por el cuerpo de redactores de Palaestra Latina bajo la dirección del R. P. José María Mir
650 14 - PUNTO DE ACCESO ADICIONAL DE MATERIA--TÉRMINO DE MATERIA
Término de materia o nombre geográfico como elemento de entrada Latín
Subdivisión de forma Diccionarios
Subdivisión general Español
9 (RLIN) 6048
650 14 - PUNTO DE ACCESO ADICIONAL DE MATERIA--TÉRMINO DE MATERIA
Término de materia o nombre geográfico como elemento de entrada Español
Subdivisión de forma Diccionarios
Subdivisión general Latín
9 (RLIN) 6049
700 1# - PUNTO DE ACCESO ADICIONAL--NOMBRE DE PERSONA
Nombre de persona García de Diego, Vicente
Fechas asociadas al nombre 1878-
9 (RLIN) 6050
700 1# - PUNTO DE ACCESO ADICIONAL--NOMBRE DE PERSONA
Nombre de persona Mir, José María
9 (RLIN) 6051
902 ## - CATALOGADOR
Iniciales REF
942 ## - ELEMENTOS DE PUNTO DE ACCESO ADICIONAL (KOHA)
Fuente del sistema de clasificación o colocación Library of Congress Classification
Tipo de ítem Koha Libros
Holdings
Estado de retiro Estado de pérdida Estado dañado No para préstamo Localización permanente Ubicación/localización actual Fecha de adquisición Total de préstamos Signatura topográfica completa Código de barras Fecha visto por última vez Precio válido a partir de Tipo de ítem Koha
El ejemplar forma parte de la colección y puede ser consultado según las políticas vigentes.       Biblioteca del Museo Franz Mayer (Rogerio Casas-Alatriste) Biblioteca del Museo Franz Mayer (Rogerio Casas-Alatriste) 30/07/2008   PA2365.E8 .D53 1988 REF00126 22/03/2019 22/03/2019 Libros